<?xml version="1.0" encoding="UTF-8"?>
<record
    xmlns:xsi="http://www.w3.org/2001/XMLSchema-instance"
    xsi:schemaLocation="http://www.loc.gov/MARC21/slim http://www.loc.gov/standards/marcxml/schema/MARC21slim.xsd"
    xmlns="http://www.loc.gov/MARC21/slim">

  <leader>02446njm a2200421Ia 4500</leader>
  <controlfield tag="001">C2056</controlfield>
  <controlfield tag="003">IT-RoPAU</controlfield>
  <controlfield tag="005">20220918181115.0</controlfield>
  <controlfield tag="008">131025s9999    xx            000 0 und d</controlfield>
  <datafield tag="040" ind1=" " ind2=" ">
    <subfield code="a">IT-RoPAU</subfield>
  </datafield>
  <datafield tag="040" ind1=" " ind2=" ">
    <subfield code="c">IT-RoPAU</subfield>
  </datafield>
  <datafield tag="041" ind1=" " ind2=" ">
    <subfield code="a">INGLESE</subfield>
  </datafield>
  <datafield tag="999" ind1=" " ind2=" ">
    <subfield code="c">99339</subfield>
    <subfield code="d">99339</subfield>
  </datafield>
  <datafield tag="999" ind1=" " ind2=" ">
    <subfield code="b">n.d.</subfield>
  </datafield>
  <datafield tag="100" ind1=" " ind2=" ">
    <subfield code="a">AA.VV.</subfield>
    <subfield code="9">794</subfield>
  </datafield>
  <datafield tag="100" ind1=" " ind2=" ">
    <subfield code="e">Autore musica</subfield>
    <subfield code="9">29831</subfield>
  </datafield>
  <datafield tag="100" ind1=" " ind2=" ">
    <subfield code="g">Codice autore musica SPICS: 12000</subfield>
    <subfield code="9">796</subfield>
  </datafield>
  <datafield tag="245" ind1=" " ind2=" ">
    <subfield code="a">Philadelphia</subfield>
  </datafield>
  <datafield tag="250" ind1=" " ind2=" ">
    <subfield code="a">1a ed.</subfield>
  </datafield>
  <datafield tag="260" ind1=" " ind2=" ">
    <subfield code="a">ITALIA</subfield>
  </datafield>
  <datafield tag="260" ind1=" " ind2=" ">
    <subfield code="b">SONY MUSIC ENTERTAINMENT</subfield>
    <subfield code="c">1993 [1a Ed.:1993 - Ed. Lingua Orig.: 1993]</subfield>
  </datafield>
  <datafield tag="300" ind1=" " ind2=" ">
    <subfield code="a">COMPACT DISC</subfield>
  </datafield>
  <datafield tag="300" ind1=" " ind2=" ">
    <subfield code="c">43 minuti (Testo: 0 pag.)</subfield>
  </datafield>
  <datafield tag="500" ind1=" " ind2=" ">
    <subfield code="a">Colonna sonora originale del film "Philadelphia".</subfield>
  </datafield>
  <datafield tag="505" ind1=" " ind2=" ">
    <subfield code="a">Streets of Philadelphia [(Springsteen Bruce) (5:00)] - Lovetown [(Gabriel Peter) (6:00)] - It's In Your Eyes [(Washington Pauletta) (5:00)] - Ibo Lele [(Ram) (4:00)] - Please Send Me Someone To Love [(Dreams Come True) (Sade) (5:00)] - Have You Ever Seen the Rain? [(Doctors Spin) (4:00)] - I Don't Wanna Talk About It [(Girls Indigo) (3:00)] - La mamma morta [(Callas Maria) (5:00)] - Philadelphia [(Young Neil) (5:00)] - Precedent [(Shore Howard) (5:00)]</subfield>
  </datafield>
  <datafield tag="650" ind1=" " ind2=" ">
    <subfield code="a">COLONNA SONORA [COMPACT DISC]</subfield>
    <subfield code="e">Codice MATERIA SPICS: 9949</subfield>
    <subfield code="9">29832</subfield>
  </datafield>
  <datafield tag="700" ind1=" " ind2=" ">
    <subfield code="a">Springsteen Bruce</subfield>
    <subfield code="d">Codice autore musica SPICS: 11477</subfield>
    <subfield code="e">Autore musica</subfield>
    <subfield code="p">Streets of Philadelphia</subfield>
    <subfield code="9">29833</subfield>
  </datafield>
  <datafield tag="700" ind1=" " ind2=" ">
    <subfield code="a">Gabriel Peter</subfield>
    <subfield code="d">Codice autore musica SPICS: 8294</subfield>
    <subfield code="e">Autore musica</subfield>
    <subfield code="p">Lovetown</subfield>
    <subfield code="9">29834</subfield>
  </datafield>
  <datafield tag="700" ind1=" " ind2=" ">
    <subfield code="a">Walker Le Ronald</subfield>
    <subfield code="d">Codice autore musica SPICS: 40215</subfield>
    <subfield code="e">Autore musica</subfield>
    <subfield code="p">It's In Your Eyes</subfield>
    <subfield code="9">29835</subfield>
  </datafield>
  <datafield tag="700" ind1=" " ind2=" ">
    <subfield code="a">Waymon Samuel</subfield>
    <subfield code="d">Codice autore SPICS: 40216</subfield>
    <subfield code="e">Autore</subfield>
    <subfield code="p">It's In Your Eyes</subfield>
    <subfield code="9">29836</subfield>
  </datafield>
  <datafield tag="700" ind1=" " ind2=" ">
    <subfield code="a">Morse Richard</subfield>
    <subfield code="d">Codice autore musica SPICS: 40218</subfield>
    <subfield code="e">Autore musica</subfield>
    <subfield code="p">Ibo Lele (Dreams Come True)</subfield>
    <subfield code="9">29837</subfield>
  </datafield>
  <datafield tag="700" ind1=" " ind2=" ">
    <subfield code="a">Mayfield P.</subfield>
    <subfield code="d">Codice autore musica SPICS: 24497</subfield>
    <subfield code="e">Autore musica</subfield>
    <subfield code="p">Please Send Me Someone To Love</subfield>
    <subfield code="9">29838</subfield>
  </datafield>
  <datafield tag="700" ind1=" " ind2=" ">
    <subfield code="a">Fogerty John</subfield>
    <subfield code="d">Codice autore musica SPICS: 40220</subfield>
    <subfield code="e">Autore musica</subfield>
    <subfield code="p">Have You Ever Seen the Rain?</subfield>
    <subfield code="9">29839</subfield>
  </datafield>
  <datafield tag="700" ind1=" " ind2=" ">
    <subfield code="a">Whitten Danny</subfield>
    <subfield code="d">Codice autore musica SPICS: 40222</subfield>
    <subfield code="e">Autore musica</subfield>
    <subfield code="p">I Don't Wanna Talk About It</subfield>
    <subfield code="9">29840</subfield>
  </datafield>
  <datafield tag="700" ind1=" " ind2=" ">
    <subfield code="a">Giordano Umberto</subfield>
    <subfield code="d">Codice autore musica SPICS: 13179</subfield>
    <subfield code="e">Autore musica</subfield>
    <subfield code="p">La mamma morta</subfield>
    <subfield code="9">29841</subfield>
  </datafield>
  <datafield tag="700" ind1=" " ind2=" ">
    <subfield code="a">Young Neil</subfield>
    <subfield code="d">Codice autore musica SPICS: 17347</subfield>
    <subfield code="e">Autore musica</subfield>
    <subfield code="p">Philadelphia</subfield>
    <subfield code="9">29842</subfield>
  </datafield>
  <datafield tag="700" ind1=" " ind2=" ">
    <subfield code="a">Shore Howard</subfield>
    <subfield code="d">Codice autore musica SPICS: 27220</subfield>
    <subfield code="e">Autore musica</subfield>
    <subfield code="p">Precedent</subfield>
    <subfield code="9">29843</subfield>
  </datafield>
  <datafield tag="942" ind1=" " ind2=" ">
    <subfield code="c">CD</subfield>
    <subfield code="2">ddc</subfield>
  </datafield>
  <datafield tag="952" ind1=" " ind2=" ">
    <subfield code="0">0</subfield>
    <subfield code="1">0</subfield>
    <subfield code="4">0</subfield>
    <subfield code="6">C_2056_000000000000000</subfield>
    <subfield code="7">1</subfield>
    <subfield code="a">SPICS</subfield>
    <subfield code="b">SPICS</subfield>
    <subfield code="d">2013-10-25</subfield>
    <subfield code="l">0</subfield>
    <subfield code="o">C2056</subfield>
    <subfield code="r">2013-10-25 00:00:00</subfield>
    <subfield code="w">2013-10-25</subfield>
    <subfield code="y">CD</subfield>
    <subfield code="z">Progr. Ins.: 1136 / N.Vol.: 1 / Copie: 1 - Copia rara: n.d. / date import: 01.01.2014 - By Epidotti, Trombetti, Vaglietti</subfield>
  </datafield>
</record>
